000 00729nam a2200205 i 4500
001 35836
003 ES-MaACL
005 20260210162430.0
007 t|
008 030214s1909 fr ||||1| fre d
100 1 _aBoullanger, Eugene.
_930920
245 1 0 _aIndustries agricoles de fermentation
_b: distillerie agricole et industrielle , alcools, eaux de vie de fruits, rhums /
_cpar Eugene Boullanger ; introduction par P. Regnard.
260 _a[S.l. :
_bs.n.,
_c1909] (
_eCorbeil :
_fCrété)
300 _aXI, 554 p. ;
_c18 cm.
490 1 _aEncyclopédie agricole
700 1 _aRegnard, Paul (
_d1850-1927)
_9150831
830 0 _aEncyclopédie agricole
_9180885
852 _aES-MaACL
_jD-3723
999 _c35836
_d35836